23_愛知県の市町村(ひらがな対応・五十音順) - Statistics

General Stats
  • This quiz has been taken 62 times
  • The average score is 48 of 54
Answer Stats
種類 市町村名 % Correct
一宮市
100%
蒲郡市
100%
北名古屋市
100%
田原市
100%
豊田市
100%
半田市
100%
愛西市
98%
安城市
98%
岡崎市
98%
刈谷市
98%
豊川市
98%
豊橋市
98%
名古屋市
98%
あま市
95%
犬山市
95%
小牧市
95%
知多市
95%
西尾市
95%
稲沢市
93%
常滑市
93%
飛島村
93%
長久手市
93%
岩倉市
90%
設楽町
90%
瀬戸市
90%
東海市
90%
南知多町
90%
大府市
88%
尾張旭市
88%
新城市
88%
豊明市
88%
豊根村
88%
日進市
88%
碧南市
88%
みよし市
88%
春日井市
86%
清須市
86%
江南市
86%
知立市
86%
津島市
86%
蟹江町
83%
弥富市
83%
東郷町
81%
高浜市
79%
武豊町
79%
東浦町
79%
幸田町
76%
豊山町
76%
扶桑町
76%
阿久比町
74%
大口町
71%
大治町
71%
東栄町
71%
美浜町
69%
No matching quizzes found
Score Distribution
Percent of People with Each Score
Percentile by Number Answered
Your Score History
You have not taken this quiz